| 000 | 00499nam a22001817a 4500 | ||
|---|---|---|---|
| 003 | OSt | ||
| 005 | 20220107122823.0 | ||
| 008 | 161222b xxu||||| |||| 00| 0 eng d | ||
| 040 | _cIIITMK | ||
| 100 |
_aBalaroopan M S (93615002) _911118 |
||
| 245 | _aAutomating the metasploit framework | ||
| 300 | _aCSIS - Mini 3rd sem | ||
| 502 |
_bCSIS _c2015-17 _dINT _eDr. Tony Thomas |
||
| 650 |
_aCOMPUTER SECURITY _911119 |
||
| 650 |
_aSHELL SCRIPTING _911120 |
||
| 650 |
_aPAYLOADS _911121 |
||
| 942 |
_2ddc _cPR |
||
| 999 |
_c5511 _d5511 |
||